[Event "NZL-ch Major op"]
[Site "Devonport"]
[Date "2016.01.07"]
[Round "6"]
[White "George, Sandeep"]
[Black "Li, Rodney Xiang Rei"]
[Result "1-0"]
[WhiteElo "1710"]
[BlackElo "1479"]
[PlyCount "75"]
[EventDate "2016.01.02"]
[EventType "swiss"]
[EventRounds "9"]
[EventCountry "NZL"]
[SourceTitle "EXT 2018"]
[Source "ChessBase"]
[SourceDate "2017.10.13"]
[SourceVersion "1"]
[SourceVersionDate "2017.10.13"]
[SourceQuality "1"]

1. e4 e5 2. Nf3 Nc6 3. d4 exd4 4. Nxd4 Bc5 5. Be3 Qe7 6. Nxc6 bxc6 7. Bxc5 Qxc5 8. Nc3 Nf6 9. Be2 Qb4 10. 0-0 Nxe4 11. Nxe4 Qxe4 12. Bf3 Qg6 13. Re1+ Kd8 14. Be4 Qf6 15. Qd3 Rb8 16. b3 Rb6 17. c4 Ba6 18. h3 h6 19. Rad1 d6 20. Qe3 Re8 21. Qd2 Rb8 22. Bxc6 Re6 23. Bd5 Rxe1+ 24. Rxe1 Kd7 25. Qa5 Rb6 26. b4 c6 27. Qa4 Kc7 28. Bxc6 Rxc6 29. b5 Bxb5 30. cxb5 Rc3 31. Qxa7+ Kd8 32. Qb8+ Kd7 33. Qe8+ Kc7 34. Re7+ Kb6 35. Qb8+ Ka5 36. Qa8+ Kxb5 37. Rb7+ Kc6 38. Rxf7+ 1-0

[Event "NZL-ch Major op"]
[Site "Devonport"]
[Date "2016.01.04"]
[Round "3"]
[White "Sharma, Akshay"]
[Black "George, Sandeep"]
[Result "1/2-1/2"]
[WhiteElo "1361"]
[BlackElo "1710"]
[PlyCount "61"]
[EventDate "2016.01.02"]
[EventType "swiss"]
[EventRounds "9"]
[EventCountry "NZL"]
[SourceTitle "EXT 2018"]
[Source "ChessBase"]
[SourceDate "2017.10.13"]
[SourceVersion "1"]
[SourceVersionDate "2017.10.13"]
[SourceQuality "1"]

1. e4 e5 2. Nf3 Nf6 3. Nxe5 d6 4. Nf3 Nxe4 5. d4 d5 6. Bd3 Be7 7. 0-0 0-0 8. Nbd2 Nxd2 9. Bxd2 Nc6 10. h3 Re8 11. Re1 Bf6 12. c3 Rxe1+ 13. Qxe1 Be6 14. Bf4 h6 15. Qe3 g5 16. Be5 Nxe5 17. Nxe5 Qd6 18. Re1 Re8 19. Ng4 Bg7 20. Qf3 Qd8 21. Bc2 Bxg4 22. Rxe8+ Qxe8 23. hxg4 Qe1+ 24. Kh2 c6 25. Qe3 Qa1 26. Qd3 Qxb2 27. Qh7+ Kf8 28. Qf5 Qb6 29. Qc8+ Ke7 30. Bf5 a5 31. Qd7+ 1/2-1/2